[Event "Honved-B"]
[Site "Budapest"]
[Date "1997.??.??"]
[Round "8"]
[White "Ruck, Robert"]
[Black "Acs, Peter"]
[Result "1-0"]
[WhiteElo "2450"]
[BlackElo "2420"]

1.c4 c6 2.d4 d5 3.cxd5 cxd5 4.Nc3 e5 5.Nf3 e4 6.Ne5 f6 7.Qa4+ Ke7 8.Qb3 fxe5
9.Bg5+ Nf6 10.dxe5 Be6 11.Qxb7+ Nd7 12.exf6+ gxf6 13.Bf4 Kf7 14.Rd1 Qb6 15.Qxb6 Nxb6
16.e3 Bb4 17.Ba6 Bc8 18.Be2 Bd7 19.O-O Bxc3 20.bxc3 Rac8 21.f3 exf3 22.Bxf3 Bb5
23.Rfe1 Rxc3 24.e4 Rc4 25.g3 dxe4 26.Bxe4 Bc6 27.Bf5 Re8 28.Rxe8 Kxe8 29.Bxh7 Rb4
30.Bg6+  1-0

[Event "Buenos Aires op"]
[Site "Buenos Aires"]
[Date "1997.??.??"]
[Round "2"]
[White "Giardelli, Sergio C"]
[Black "De las Heras, Juan Carlos"]
[Result "1-0"]
[WhiteElo "2460"]
[BlackElo "2265"]

1.c4 c6 2.Nf3 d5 3.Qc2 Nf6 4.b3 g6 5.Bb2 Bg7 6.g3 O-O 7.Bg2 Bf5 8.d3 Qc8
9.h3 Na6 10.Nbd2 Rd8 11.a3 Nc7 12.Rc1 Nce8 13.Qb1 dxc4 14.Nxc4 Nd6 15.Ncd2 Nfe8
16.e4 Be6 17.Bxg7 Nxg7 18.Qb2 Nb5 19.a4 Nc7 20.Qc3 Qd7 21.d4 Nce8 22.Qe3 f6
23.Rd1 Nd6 24.g4 Nf7 25.Nf1 Qd6 26.N1d2 Qb4 27.O-O h5 28.e5 hxg4 29.hxg4 fxe5
30.Qe4 Kh7 31.Nh4 Nh8 32.Ndf3 Bd5 33.Qxe5 Qd6 34.Qe3 Nf7 35.Rfe1 Ne6 36.Ne5 Nxe5
37.dxe5 Qb4 38.Qg3 Nf4 39.Be4 Rf8 40.Bc2 Rad8 41.Re3 Qc5 42.Bf5 Qb4 43.Nxg6 Nxg6
44.Qh4+ Kg7 45.Bxg6 Rh8 46.Bh5 Rh7 47.e6 Kh8 48.Qg5  1-0

[Event "Buenos Aires op"]
[Site "Buenos Aires"]
[Date "1997.??.??"]
[Round "5"]
[White "Roca, Alfredo"]
[Black "Pappier, Carlos"]
[Result "1-0"]
[WhiteElo "2385"]
[BlackElo "2210"]

1.c4 c6 2.Nf3 d5 3.d4 Nf6 4.Qc2 g6 5.Bf4 Bg7 6.e3 O-O 7.Nc3 Na6 8.Be2 Bf5
9.Qb3 Qb6 10.Qxb6 axb6 11.O-O Nb4 12.Ne5 Ne4 13.Nxe4 Bxe4 14.Nd7 Rfd8 15.Nxb6 Rxa2
16.Rxa2 Nxa2 17.f3 Bc2 18.Bc7 Re8 19.cxd5 cxd5 20.Bb5 Rf8 21.Nxd5 e6 22.Nb6 Bb3
23.Ra1 f5 24.Bd6 Rd8 25.Be7 Rxd4 26.exd4 Bxd4+ 27.Kh1 Bxb6 28.Ba3 Bd4 29.Re1 Kf7
30.f4 Kf6 31.h3 Bd5 32.Kh2 h5 33.h4 Kf7 34.g3 Kf6 35.Re2 Nc1 36.Rc2 Nb3 37.Rc7 e5
38.Rd7 Be6 39.Rd6 Nc5 40.Bc4 Kf7 41.Bxc5 Bxc4 42.Bxd4 exd4 43.Rxd4 Bb5 44.Rd6 Bc6
45.Kg1 Be8 46.Kf2 Ke7 47.Rd1 Bc6 48.Ke3 Be4 49.Ra1 Kd6 50.Kd4 Bd5 51.Ra8 Bb3
52.Rd8+ Kc7 53.Rf8  1-0

[Event "Najdorf op"]
[Site "Buenos Aires"]
[Date "1997.??.??"]
[Round "6"]
[White "Giardelli, Sergio C"]
[Black "Kanefsck, Gustavo"]
[Result "1/2-1/2"]
[WhiteElo "2460"]
[BlackElo "2350"]

1.c4 c6 2.e4 d5 3.exd5 cxd5 4.cxd5 Nf6 5.Nc3 Nxd5 6.d4 e6 7.Nf3 Be7 8.Bc4 Nc6
9.O-O O-O 10.a3 b6 11.Re1 Nxc3 12.bxc3 Bb7 13.Qd3 Rc8 14.Ba2 Bf6 15.Bf4 Ne7
16.Ng5 Ng6 17.h4 Rxc3 18.Qxc3 Nxf4 19.Nf3 Qd6 20.Rad1 Rc8 21.Qe3 h6 22.Bb1 g5
23.hxg5 hxg5 24.Be4 Nd5 25.Qd2 Qe7 26.Ne5 Rd8 27.Bxd5 Bxd5 28.Re3 Bg7 29.Rg3 f6
30.Nd3  1/2-1/2

[Event "Campobasso op"]
[Site "Campobasso"]
[Date "1997.??.??"]
[Round "?"]
[White "Ljubisavljevic, Zivojin Z"]
[Black "Marzano, Carlo"]
[Result "1-0"]
[WhiteElo "2275"]
[BlackElo "2175"]

1.c4 c6 2.d4 d5 3.cxd5 cxd5 4.Nc3 Nf6 5.Nf3 Nc6 6.g3 Bf5 7.Bg2 e6 8.Nh4 Bg4
9.h3 Bh5 10.Bf3 Bxf3 11.Nxf3 Ne4 12.O-O Be7 13.Qd3 Nf6 14.Bg5 O-O 15.Rac1 h6
16.Bxf6 Bxf6 17.Na4 Rc8 18.e3 Be7 19.Qb5 Qa5 20.Qxa5 Nxa5 21.Ne5 Rfd8 22.Rfd1 Bd6
23.Nd3 Kf8 24.Kf1 Ke7 25.Ke2 Ke8 26.Nac5 Rc7 27.Na4 Rdc8 28.Rxc7 Rxc7 29.Rc1 Rxc1
30.Nxc1 Kd7 31.Nd3 Nc6 32.Nac5+ Kc7 33.g4 Be7 34.Nb3 Bf6 35.f4 b6 36.Nd2 Kd7
37.Nf3 Ke8 38.g5 Be7 39.gxh6 gxh6 40.Nfe5 Na5 41.b3 f6 42.Nf3 Kf7 43.f5 Bd6
44.fxe6+ Kxe6 45.Nh4 Nc6 46.Kf3 Nb4 47.Nxb4 Bxb4 48.Kf4 Bd2 49.Nf5 h5 50.Ng7+ Kf7
51.Nxh5 Kg6 52.Ng3 Bc1 53.Nf5 Ba3 54.Kg4 Bb4 55.h4 b5 56.h5+ Kf7 57.e4 dxe4
58.Kf4 Bc3 59.Kxe4 a5 60.d5 a4 61.d6 axb3 62.axb3 Bb4 63.Kd5 Ba5 64.h6 Kg6
65.Ke6 Bb6 66.Kd7 b4 67.Ke8  1-0

[Event "Celle Ligure op"]
[Site "Celle Ligure"]
[Date "1997.??.??"]
[Round "2"]
[White "Lenz, Thomas"]
[Black "Collareta, Giovanni"]
[Result "1-0"]
[WhiteElo "2195"]
[BlackElo "2230"]

1.c4 c6 2.e4 e5 3.Nc3 d6 4.Nf3 Bg4 5.Be2 Nd7 6.O-O Be7 7.b3 Bxf3 8.Bxf3 Ngf6
9.d4 O-O 10.g3 Re8 11.Bg2 Qa5 12.Bb2 Bf8 13.Qd3 exd4 14.Qxd4 Rad8 15.Rad1 Ne5
16.Qd2 Nfd7 17.h3 Nc5 18.Qc2 Qb6 19.Ne2 a5 20.Bc3 a4 21.b4 Ncd7 22.Qxa4 Nxc4
23.Bd4 Qc7 24.b5 Ncb6 25.Qc2 c5 26.a4 Ra8 27.Ra1 Ne5 28.a5 Nbd7 29.f4 Ng6
30.b6 Qc8 31.Bb2 Ne7 32.Nc3 Nc6 33.Nb5 Rxa5 34.Na7 Rxa1 35.Nxc8 Rxf1+ 36.Bxf1 Rxc8
37.Qb3 Nd8 38.Bc4 Rc6 39.Bc3 Rxb6 40.Qa2 Nc6 41.Bxf7+ Kh8 42.Qe6 Ncb8 43.Qe8 Rb1+
44.Kf2 Rc1 45.Bd2 Rc2 46.Ke3 b5 47.Be6  1-0

[Event "Cerrado"]
[Site "Cerrado"]
[Date "1997.??.??"]
[Round "8"]
[White "Foisor, Cristina Adela B"]
[Black "Lafarga Santorroman, David"]
[Result "1-0"]
[WhiteElo "2400"]
[BlackElo "2240"]

1.c4 c6 2.Nf3 d5 3.e3 Nf6 4.Nc3 e6 5.Qc2 Nbd7 6.d4 Bd6 7.Be2 O-O 8.O-O Re8
9.Rd1 Qe7 10.h3 h6 11.b3 b6 12.e4 dxe4 13.Nxe4 Nxe4 14.Qxe4 Bb7 15.Bf4 Bxf4
16.Qxf4 e5 17.Nxe5 Nxe5 18.dxe5 Qxe5 19.Qxe5 Rxe5 20.Bf3 Re7 21.c5 bxc5 22.Rac1 Re5
23.Rd7 Rb8 24.Rc7 a5 25.Rd1 Ba8 26.Rdd7 Rf8 27.Ra7 c4 28.bxc4 Rc5 29.Ra6 Rxc4
30.Rda7 Ra4 31.Rxa8 Rxa2 32.Bxc6 Rxa8 33.Rxa8+ Kh7 34.Be4+ g6 35.Ra7 Ra1+
36.Kh2  1-0

[Event "Chicago op"]
[Site "Chicago"]
[Date "1997.??.??"]
[Round "3"]
[White "Gurevich, Dmitry"]
[Black "Waitzkin, Joshua"]
[Result "1-0"]
[WhiteElo "2580"]
[BlackElo "2440"]

1.c4 c6 2.Nf3 d5 3.e3 Nf6 4.Nc3 e6 5.Qc2 Nbd7 6.b3 Be7 7.d4 b6 8.g4 O-O 9.g5 Nh5
10.Rg1 Bb7 11.Be2 g6 12.Bb2 Rc8 13.O-O-O c5 14.cxd5 exd5 15.Kb1 Ng7 16.Qd2 c4
17.bxc4 dxc4 18.d5 Bb4 19.Nd4 Nc5 20.Bg4 Rb8 21.Qc2 Qxg5 22.Nc6 Bxc6 23.dxc6 Nd3
24.Ne4 Qb5 25.a4 Qa5 26.Rxd3 cxd3 27.Qxd3 f5 28.Qd4 Rf7 29.Ng5 Re7 30.Qc4+ Kh8
31.c7 Rc8 32.Rd1 b5 33.Nf7+ Kg8 34.Nh6+ Kh8 35.Nf7+ Kg8 36.Nh6+ Kh8 37.axb5 Qxc7
38.Qxb4 Qc2+ 39.Ka2 Re4 40.Nf7+ Kg8 41.Nh6+ Kh8 42.Rd4 Rxd4 43.Qxd4 Qc4+
44.Qxc4 Rxc4 45.Kb3 Re4 46.Bf3 Rh4 47.Nf7+ Kg8 48.Ng5 Rxh2 49.Bd4 Ne8 50.Bd5+ Kf8
51.Bxa7 Ke7 52.Bc5+ Kd7 53.b6  1-0

[Event "Chicago op"]
[Site "Chicago"]
[Date "1997.??.??"]
[Round "3"]
[White "Hanken, Jerome B"]
[Black "Thomas, David"]
[Result "1-0"]
[WhiteElo "2135"]
[BlackElo "2210"]

1.c4 c6 2.Nf3 Nf6 3.g3 d5 4.b3 Bf5 5.Bb2 e6 6.Bg2 Be7 7.d3 Nbd7 8.O-O O-O
9.Nbd2 Qb6 10.Qc2 Bc5 11.e4 dxe4 12.dxe4 Bg6 13.Nh4 Ng4 14.Ndf3 Ndf6 15.Nxg6 hxg6
16.h3 Nxf2 17.Rxf2 Bxf2+ 18.Qxf2 Qxf2+ 19.Kxf2 Nxe4+ 20.Ke3 Nxg3 21.Ne5 Rfd8
22.Bc3 g5 23.c5 Nf5+ 24.Kf2 f6 25.Nc4 Rd3 26.Ba5 Kf7 27.Be4 Rxh3 28.Bxf5 exf5
29.Nd6+ Ke6 30.Nxb7 Rah8 31.Re1+ Kd5 32.Rd1+ Ke5 33.Bc7+ Ke6 34.Nd8+ Ke7
35.Nxc6+ Kf7 36.Rd7+ Kg6 37.Ne7+ Kf7 38.Nd5+ Ke6 39.c6 f4 40.Bxf4 Rh1 41.Bg3 f5
42.Rd6+ Kf7 43.c7 f4 44.Nxf4 gxf4 45.Bxf4 Re8 46.Rd8 Rhh8 47.Rd7+ Kf6 48.b4 g5
49.Bg3 Ref8 50.Ke3 g4 51.Kd4 Ke6 52.Rd6+ Ke7 53.Kd5 Rf3 54.Bh4+ Kf7 55.Rd7+ Kg6
56.Kc6 Kh5 57.Be7 g3 58.Kb7 g2 59.Bc5 Rhf8 60.Bxf8 Rxf8 61.Rg7 Rf7 62.Rxg2  1-0

[Event "Chicago op"]
[Site "Chicago"]
[Date "1997.??.??"]
[Round "4"]
[White "Serper, Grigory"]
[Black "Formanek, Edward W"]
[Result "1-0"]
[WhiteElo "2550"]
[BlackElo "2335"]

1.c4 c6 2.e4 d5 3.cxd5 cxd5 4.exd5 Nf6 5.Qa4+ Nbd7 6.Nc3 g6 7.Nf3 Bg7 8.Qb3 O-O
9.Bc4 Nb6 10.d3 Ne8 11.h3 Nd6 12.O-O Bf5 13.Re1 Rc8 14.Bg5 Re8 15.Nd2 Bxc3
16.bxc3 Nbxc4 17.Nxc4 Bxd3 18.Nxd6 Qxd6 19.Qxb7 Rc7 20.Qb4 Qxd5 21.Bxe7 Rc6
22.Bf6 Be4 23.Rad1 Qc5 24.Qxe4  1-0

[Event "Chicago op"]
[Site "Chicago"]
[Date "1997.??.??"]
[Round "6"]
[White "Serper, Grigory"]
[Black "Martinovsky, Eugene"]
[Result "1-0"]
[WhiteElo "2550"]
[BlackElo "2265"]

1.c4 c6 2.e4 d5 3.cxd5 cxd5 4.exd5 Nf6 5.Qa4+ Nbd7 6.Nc3 g6 7.Nf3 Bg7 8.Qb3 O-O
9.Bc4 Nb6 10.d3 Nxc4 11.dxc4 a6 12.O-O Qc7 13.Be3 Nd7 14.Rfe1 b6 15.Bd4 Bxd4
16.Nxd4 Ne5 17.Na4 Nxc4 18.Nc6 b5 19.Nxe7+ Kh8 20.Qc3+ f6 21.b3 bxa4 22.bxc4 Qc5
23.Qe3 Qxe3 24.Rxe3 Bd7 25.c5 Bb5 26.c6 Kg7 27.d6 Kf7 28.c7 Bd7 29.Nd5 Be6
30.Nb6 Ra7 31.Rae1  1-0

[Event "KS Sommerskak op"]
[Site "Copenhagen"]
[Date "1997.??.??"]
[Round "?"]
[White "Salmensuu, Olli"]
[Black "Thorhallsson, Throstur"]
[Result "1-0"]
[WhiteElo "2330"]
[BlackElo "2500"]

1.c4 c6 2.Nc3 d5 3.d4 Nf6 4.cxd5 cxd5 5.Bf4 Nc6 6.e3 a6 7.Rc1 Qb6 8.Qb3 Qxb3
9.axb3 e6 10.Nf3 Bb4 11.Bd3 Na5 12.Nd2 Bd7 13.Ke2 Ke7 14.Bc7 Rac8 15.Ncb1 Bc6
16.Be5 Ne8 17.Rc2 f6 18.Bg3 Nd6 19.f3 g6 20.h4 Kd7 21.Nc3 Nf5 22.Bf2 e5 23.g4 Nd6
24.e4 Rhe8 25.dxe5 Rxe5 26.Bd4 Re6 27.Kd1 dxe4 28.fxe4 Rce8 29.Rf1 Nb5 30.Bxf6 Be7
31.Bxe7 R6xe7 32.b4 Nd4 33.bxa5 Nxc2 34.Kxc2 Ke6 35.Nc4 Rd8 36.g5 Rf7 37.Rxf7 Kxf7
38.Ne5+ Ke6 39.Nxc6 bxc6 40.Bxa6 Ra8 41.Bc4+ Ke5 42.a6 Kd4 43.b3 Ra7 44.Bd3 Rf7
45.b4 Rf2+ 46.Be2 Rf8 47.Bd3 Rf2+ 48.Ne2+ Ke5 49.Kc3 Kd6 50.Nd4 Rf8 51.Bc4 Rc8
52.a7 Kc7 53.Nxc6 Kxc6 54.a8=Q+  1-0

[Event "Corsica rap op"]
[Site "Corsica"]
[Date "1997.??.??"]
[Round "7"]
[White "Komljenovic, Davor"]
[Black "Alexander, Paco"]
[Result "0-1"]
[WhiteElo "2445"]
[BlackElo "2195"]

1.c4 c6 2.d4 d5 3.Nf3 Nf6 4.Nc3 e6 5.Bg5 Nbd7 6.cxd5 exd5 7.e3 Be7 8.Bd3 O-O
9.O-O Re8 10.Qc2 Nf8 11.Ne5 Ng4 12.Bxe7 Qxe7 13.Nf3 Ng6 14.a3 Nf6 15.b4 Ne4
16.b5 Bg4 17.Nd2 Nxd2 18.Qxd2 Nh4 19.Kh1 Nf3 20.Qd1 Nxh2 21.Be2 Qh4 22.Kg1 Bxe2
23.Qxe2 Ng4  0-1

[Event "Corsica rap op"]
[Site "Corsica"]
[Date "1997.??.??"]
[Round "8"]
[White "Efimov, Igor"]
[Black "Prie, Eric"]
[Result "0-1"]
[WhiteElo "2540"]
[BlackElo "2465"]

1.c4 c6 2.e4 d5 3.exd5 cxd5 4.d4 Nf6 5.Nc3 Nc6 6.Bg5 e6 7.Nf3 Be7 8.c5 Ne4
9.Bxe7 Qxe7 10.Bb5 Nxc3 11.bxc3 Bd7 12.O-O O-O 13.Re1 Na5 14.Bd3 b6 15.cxb6 axb6
16.Ne5 Rfc8 17.Re3 g6 18.Rb1 Nc6 19.Ng4 h5 20.Ne5 Nxe5 21.dxe5 Rxc3 22.h3 Rxa2
23.Rxb6 Qh4 24.Rb8+ Rc8 25.Rxc8+ Bxc8 26.Re2 Rxe2 27.Qxe2 Qd4 28.g3 Bb7 29.h4 Qc3
30.f3 Bc6 31.Kf2 Ba4 32.g4 hxg4 33.fxg4 Qd4+ 34.Kg2 Qf4 35.Kh3 Kg7 36.g5 Bb3
37.Qe1 Bc4  0-1

[Event "Corsico op"]
[Site "Corsico"]
[Date "1997.??.??"]
[Round "3"]
[White "Tomasi, Diego"]
[Black "Ubezio, Marco"]
[Result "0-1"]
[WhiteElo "2045"]
[BlackElo "2180"]

1.c4 c6 2.e4 d5 3.exd5 cxd5 4.cxd5 Nf6 5.Bb5+ Bd7 6.Bc4 Qc7 7.d3 b5 8.Bb3 a5
9.a4 bxa4 10.Bc4 Na6 11.Nc3 Nb4 12.Nge2 Qb7 13.Nxa4 Nbxd5 14.Qb3 Qxb3 15.Bxb3 e6
16.O-O Bd6 17.Nac3 O-O 18.Ne4 Be5 19.Nc5 Bb5 20.Re1 Rfc8 21.d4 Bd6 22.Na4 Bb4
23.Nac3 Nxc3 24.Nxc3 Rxc3 25.bxc3 Bxc3 26.Ba3 Bxe1 27.Rxe1 a4 28.Bd1 Bc4
29.Bf3 Bd5 30.Bd1 Ne4 31.Re3 Nd2 32.Be2 Nb3 33.Rd3 Bc4 34.Bf3 Bxd3 35.Bxa8 Nxd4
36.Bb2 Nc2  0-1

[Event "Costa Rica-ch"]
[Site "Costa Rica"]
[Date "1997.??.??"]
[Round "8"]
[White "Valdes, Leonardo"]
[Black "Solano, Agustin"]
[Result "1-0"]
[WhiteElo "2235"]
[BlackElo "2015"]

1.c4 c6 2.Nf3 Nf6 3.g3 e6 4.Bg2 d5 5.b3 Be7 6.Bb2 Nbd7 7.O-O O-O 8.d3 Re8
9.Nbd2 Nf8 10.Qc2 Ng6 11.Rad1 Bd7 12.e4 h5 13.d4 Qc7 14.Rfe1 Rad8 15.Re2 h4
16.e5 Nh7 17.Bh3 hxg3 18.hxg3 Bc8 19.Nf1 b6 20.cxd5 Rxd5 21.Ne3 Rdd8 22.Rc1 Bb7
23.Bg2 c5 24.dxc5 Qxc5 25.Nc4 Bd5 26.Qb1 Ng5 27.Ba3 Nxf3+ 28.Bxf3 Qb5 29.Bxe7 Rxe7
30.Nd6 Qa5 31.b4 Qa3 32.Bxd5 exd5 33.Re3 Qa6 34.Qb2 b5 35.Ra3 Qb6 36.Nc8 Qe6
37.Nxe7+ Qxe7 38.Re1 d4 39.Qe2 Qxb4 40.Rb3 Qc4 41.Qd3 Nf8 42.Rd1 a6 43.Qxc4 bxc4
44.Rb4 c3 45.Rbxd4 Rc8 46.Rc1 Rc5 47.f4 Ne6 48.Rd3 c2 49.Rd2 Rc3 50.Kg2 g5
51.f5 Ng7 52.Rd8+ Kh7 53.Rh1+ Nh5 54.Rxh5+ Kg7 55.Rdh8  1-0

[Event "Cseppko op"]
[Site "Cseppko"]
[Date "1997.??.??"]
[Round "2"]
[White "Gyurkovics, Miklos"]
[Black "Kiss, Pal"]
[Result "1/2-1/2"]
[WhiteElo "2220"]
[BlackElo "2450"]

1.c4 c6 2.Qa4 e5 3.g3 Nf6 4.Bg2 Na6 5.d3 Bc5 6.Nc3 O-O 7.Nf3 Re8 8.O-O h6
9.a3 d5 10.b4 Bf8 11.cxd5 cxd5 12.d4 e4 13.Ne5 Be6 14.Be3 Nb8 15.Rac1 a6
16.f4 g6 17.h3 h5 18.Qb3 Nbd7 19.Na4 b5  1/2-1/2

[Event "Cseppko op"]
[Site "Cseppko"]
[Date "1997.??.??"]
[Round "9"]
[White "Gyurkovics, Miklos"]
[Black "Felegyhazi, Laszlo"]
[Result "1/2-1/2"]
[WhiteElo "2220"]
[BlackElo "2310"]

1.c4 c6 2.Nf3 d5 3.b3 d4 4.g3 c5 5.b4 cxb4 6.a3 b3 7.Bg2 Nc6 8.O-O e5 9.d3 Nf6
10.Nbd2 a5 11.Nxb3 a4 12.Nbd2 Be7 13.Rb1 Nd7 14.Ne1 O-O 15.Nc2 Nc5 16.Nb4 Na5
17.Ne4 Nab3 18.f4 f5 19.Nxc5 Bxc5 20.fxe5 Re8 21.e6 Bxe6 22.Bxb7 Ra7 23.Bg2 Rf7
24.Bc6 Bd7 25.Bd5 Be6 26.Bc6 Bd7 27.Bd5 Be6 28.Rf2 Bxd5 29.Nxd5 Qd6 30.Bf4 Qc6
31.Nb4 Qf6 32.Qf1 Qb6 33.Nd5 Qd8 34.Bc1 Qd7 35.Nb4 Qe7 36.Nc2 g6 37.Qg2 Qe6
38.Bh6 Be7 39.Bf4 g5 40.Bc1 h6 41.Bb2 Bc5 42.Rbf1 Rb8 43.Rd1 Kh7 44.Qh3 Qg6
45.Kh1 Qc6+ 46.Qg2 Qe6 47.Ne1 Na5 48.Ba1 Rfb7 49.Qf1 Kg6 50.Nf3 Qe3 51.Kg2 Nc6
52.Ne1 Qe6 53.Nc2 Rd8  1/2-1/2

[Event "CZE-chT2 9697"]
[Site "CZE"]
[Date "1997.??.??"]
[Round "?"]
[White "Moravec, Michal"]
[Black "Pacovsky, Jiri"]
[Result "1-0"]
[WhiteElo "2255"]
[BlackElo "2315"]

1.c4 c6 2.Nf3 d5 3.b3 Nf6 4.e3 Bf5 5.Be2 e6 6.Nh4 Bg6 7.Nxg6 hxg6 8.Bb2 Nbd7
9.Bf3 Bd6 10.g3 Qe7 11.Nc3 O-O-O 12.d4 Kb8 13.Qe2 Ba3 14.Bxa3 Qxa3 15.O-O Rh7
16.Bg2 g5 17.h3 dxc4 18.Rab1 Nb6 19.Rfc1 cxb3 20.axb3 Qe7 21.b4 e5 22.dxe5 Qxe5
23.Ra1 Nfd5 24.Nxd5 cxd5 25.Ra5 Rh6 26.Qa2 a6 27.b5 axb5 28.Rxb5 Rdd6 29.Qa5 Qe7
30.Ra1 Qe6 31.Rc5 Rc6 32.Bxd5 Nxd5 33.Rxd5 Rh8 34.Rb5 Qxh3 35.Qa7+ Kc7 36.Qxb7+ Kd6
37.Rd1+  1-0

[Event "MSS-ch"]
[Site "CZE"]
[Date "1997.??.??"]
[Round "?"]
[White "Kalod, Radek"]
[Black "Velicka, Petr"]
[Result "0-1"]
[WhiteElo "2455"]
[BlackElo "2405"]

1.c4 c6 2.e4 d5 3.exd5 cxd5 4.d4 Nf6 5.Nc3 Nc6 6.Bg5 e6 7.Nf3 Be7 8.Bd3 dxc4
9.Bxc4 O-O 10.O-O a6 11.a3 b5 12.Ba2 Bb7 13.Re1 Qd6 14.Rc1 Rad8 15.Bxf6 Bxf6
16.Ne4 Qf4 17.Nc5 Ba8 18.g3 Qb8 19.Nxe6 fxe6 20.Rxe6 Kh8 21.Rexc6 Bxc6 22.Rxc6 Bxd4
23.Nxd4 Qe5 24.Qe2 Qxd4 25.Rxa6 Qd1+ 26.Qxd1 Rxd1+ 27.Kg2 Rd2 28.Kh3 Rdxf2
29.Rb6 Rxb2 30.Bc4 g6 31.Rxb5 Rd2 32.Rd5 Rc2 33.Bb3 Rb2 34.Rd3 Kg7 35.a4 h6
36.a5 Ra8 37.Bd5 Rxa5 38.g4 Ra1 39.Bg2 Raa2 40.Bd5 Rxh2+ 41.Kg3 Rhd2  0-1

[Event "CZE-chT 9697"]
[Site "CZE"]
[Date "1997.??.??"]
[Round "1"]
[White "Hausner, Ivan"]
[Black "Knazovcik, Ladislav"]
[Result "1/2-1/2"]
[WhiteElo "2410"]
[BlackElo "2295"]

1.c4 c6 2.e4 d5 3.exd5 cxd5 4.d4 Nf6 5.Nc3 g6 6.cxd5 Bg7 7.Bb5+ Bd7 8.Be2 O-O
9.Bf3 Qb6 10.Nge2 Bg4 11.Bxg4 Nxg4 12.O-O Na6 13.Bf4 Nf6 14.Be5 Rfd8 15.d6 e6
16.Na4 Qa5 17.a3 b6 18.Nec3 Nb8 19.Qe2 Qa6 20.Qxa6 Nxa6 21.Nb5 Ne8 22.Rac1 Bf8
23.Nc7 Naxc7 24.dxc7 Rdc8 25.Rc6 Bg7 26.Rfc1 Bxe5 27.dxe5 b5 28.Nc3 Rxc7
29.Nxb5 Rb7 30.a4 a6 31.Rc8 Rxc8 32.Rxc8 axb5 33.Rxe8+ Kg7 34.a5 b4 35.f4 Ra7
36.Rb8 Rxa5 37.Rxb4 g5 38.fxg5 Rxe5 39.h4 Re2 40.b3 Kg6 41.Rf4 Rb2 42.b4 e5
43.Rf6+ Kh5 44.Rh6+ Kg4 45.Rxh7 Rxb4 46.Rxf7 Kxh4 47.g6 Rb8 48.Rf5 Rg8 49.Rxe5 Rxg6
50.Kf2 Rf6+ 51.Kg1 Kg4 52.Re8 Ra6 53.Rb8 Ra2 54.Kh2 Kh4 55.Rb4+ Kg5 56.Kh3 Ra3+
57.g3 Ra5 58.Rg4+ Kh5 59.Rh4+ Kg5  1/2-1/2

[Event "CZE-chT 9697"]
[Site "CZE"]
[Date "1997.??.??"]
[Round "2"]
[White "Voloshin, Leonid"]
[Black "Zurek, Milan"]
[Result "1/2-1/2"]
[WhiteElo "2430"]
[BlackElo "2460"]

1.c4 c6 2.d4 d5 3.Nc3 e6 4.Nf3 dxc4 5.a4 Bb4 6.Bd2 c5 7.Ne4 Nf6 8.dxc5 Nxe4
9.Bxb4 Qxd1+ 10.Rxd1 Nc6 11.Ba3 c3 12.bxc3 e5 13.Rc1 Be6 14.e3 O-O-O 15.Be2 Bb3
16.h4 f6 17.h5 g5 18.hxg6 hxg6 19.Rxh8 Rxh8 20.Nd2 Nxd2 21.Kxd2 Rd8+ 22.Ke1 Bxa4
23.c4 Na5 24.Bf3 Bc6 25.Bb4 Nb3 26.Rb1 Ba4 27.Bd1 Rh8 28.Ke2 Rh1 29.Bc2 Rxb1
30.Bxb1 g5 31.Kf3 a5 32.Bc3 Nxc5 33.Bxa5 Bc6+ 34.Kg3 Kd7 35.f3 Ke6 36.Kg4 Kf7
37.Bb4 b6 38.Bf5 Ba4 39.f4 Bd1+ 40.Kg3 Be2 41.Bc3 gxf4+ 42.exf4 e4 43.Bd4 Bd3
44.Be3 Bxc4 45.Bxc5 bxc5 46.Bxe4 Ke6 47.Kf2 f5 48.Bf3  1/2-1/2

[Event "CZE-chT 9697"]
[Site "CZE"]
[Date "1997.??.??"]
[Round "3"]
[White "Votava, Jan"]
[Black "Trichkov, Vasil"]
[Result "1/2-1/2"]
[WhiteElo "2530"]
[BlackElo "2365"]

1.c4 c6 2.Nf3 d5 3.e3 Nf6 4.b3 Bf5 5.Bb2 e6 6.Be2 h6 7.d3 Nbd7 8.O-O Bc5
9.Nbd2 O-O 10.a3 a5 11.Bc3 Qe7 12.Qc1 e5 13.d4 exd4 14.Nxd4 Bxd4 15.Bxd4 c5
16.Bxf6 Nxf6 17.cxd5 Nxd5 18.Bf3 Be6 19.Nc4 b5 20.Ne5 Qc7 21.Qb2 c4 22.bxc4 bxc4
23.Qd4 Rfd8 24.Rac1 Nb6 25.Qb2 Na4 26.Qc2 Ra6 27.Nxc4 Nb6 28.Nxb6 Qxc2 29.Rxc2 Rxb6
30.Rc5 a4 31.Ra5 Bb3 32.h4 Rbd6 33.h5 Rd2 34.Ra1 Kf8 35.e4 Rc2 36.e5 Rdc8
37.Be4 Rc1+ 38.Rxc1 Rxc1+ 39.Kh2 Ra1 40.Bc6 Ke7 41.Ra7+ Kd8 42.Bxa4 Rxa3
43.Rd7+ Kc8 44.Bc6 Ra5 45.f4 Rc5 46.Rd3 Bc4 47.Rd6 f6 48.Bf3 fxe5 49.fxe5 Kc7
50.Rg6 Kd8 51.Rxg7 Rxe5 52.Rh7 Re6 53.Kg3 Bd3 54.Ra7 Rf6 55.Kf2 Ke8 56.Ke3 Bc4
57.Be4 Bf7 58.g4 Kf8 59.Bf5 Rb6 60.Kf4 Rb4+ 61.Kg3 Rb3+ 62.Kh4 Rb4  1/2-1/2

[Event "CZE-chT 9697"]
[Site "CZE"]
[Date "1997.??.??"]
[Round "7"]
[White "Vokac, Marek"]
[Black "Meduna, Eduard"]
[Result "1/2-1/2"]
[WhiteElo "2485"]
[BlackElo "2460"]

1.c4 c6 2.Nf3 d5 3.d4 Nf6 4.Nc3 dxc4 5.a4 Bf5 6.Ne5 Nbd7 7.Nxc4 Nb6 8.Ne5 e6
9.f3 Nfd7 10.Nxd7 Nxd7 11.e4 Bg6 12.Be3 Bb4 13.Qb3 Qb6 14.Kf2  1/2-1/2

[Event "CZE-chT 9697"]
[Site "CZE"]
[Date "1997.??.??"]
[Round "8"]
[White "Jirovsky, Milos"]
[Black "Beil, Zdenek"]
[Result "1/2-1/2"]
[WhiteElo "2505"]
[BlackElo "2325"]

1.c4 c6 2.d4 d5 3.Nf3 Nf6 4.Qc2 dxc4 5.Qxc4 Bf5 6.Nc3 e6 7.g3 Qb6 8.Bg2 Qb4
9.Nd2 Nbd7 10.a3 Qxc4 11.Nxc4 Nb6 12.Na5 O-O-O 13.e3 Bd3 14.Kd2 Ba6 15.Kc2 e5
16.dxe5 Bd3+ 17.Kb3 Nfd7 18.Rd1 Nxe5 19.f4 Nbc4 20.Nxc4 Bxc4+ 21.Kc2 Bd3+
22.Kb3 Bc4+ 23.Kc2  1/2-1/2

[Event "CZE-chT 9697"]
[Site "CZE"]
[Date "1997.??.??"]
[Round "11"]
[White "Pcola, Pavel"]
[Black "Zurek, Milan"]
[Result "1/2-1/2"]
[WhiteElo "2470"]
[BlackElo "2460"]

1.c4 c6 2.b3 d5 3.Bb2 Bf5 4.Nf3 e6 5.d3 h6 6.h3 Nf6 7.g4 Bh7 8.Bg2 Nbd7 9.O-O Bc5
10.Nbd2 O-O 11.Rc1 Qe7 12.Kh1 Ba3  1/2-1/2

[Event "Neckar op 1st"]
[Site "Deizisau"]
[Date "1997.??.??"]
[Round "3"]
[White "Koch, Hans Juergen"]
[Black "Forchert, Martin"]
[Result "0-1"]
[WhiteElo "2075"]
[BlackElo "2390"]

1.c4 c6 2.Nf3 d5 3.b3 Nf6 4.Bb2 Bg4 5.d3 e6 6.Nbd2 Nbd7 7.h3 Bh5 8.g4 Bg6
9.Bg2 Bd6 10.Rc1 h6 11.a3 a5 12.Qc2 Qe7 13.a4 O-O 14.e4 dxe4 15.Nxe4 Nxe4
16.dxe4 Bb4+ 17.Nd2 Nc5 18.O-O Rad8 19.Rcd1 Rd3 20.Nb1 Qd7 21.Bf3 Rd8 22.Be2 Rxd1
23.Rxd1 Qc7 24.Rxd8+ Qxd8 25.f3 Qd6 26.Kg2 Be1 27.Qd1 Qg3+ 28.Kh1 Nxe4  0-1

[Event "Neckar op 1st"]
[Site "Deizisau"]
[Date "1997.??.??"]
[Round "7"]
[White "Boehm, Martin"]
[Black "Forchert, Martin"]
[Result "1-0"]
[WhiteElo "2255"]
[BlackElo "2390"]

1.c4 c6 2.Nf3 d5 3.e3 Nf6 4.b3 Bg4 5.Bb2 e6 6.h3 Bh5 7.Be2 Nbd7 8.Nc3 Bd6
9.d3 O-O 10.cxd5 exd5 11.g4 Bg6 12.g5 Ne8 13.h4 Bh5 14.Nd4 Bxe2 15.Qxe2 c5
16.Nf5 d4 17.Ne4 Ne5 18.O-O-O Qd7 19.Nfxd6 Nxd6 20.Nxc5 Qc6 21.exd4 Ng6 22.Kb1 Rfe8
23.Qg4 b6 24.h5 Nf8 25.h6 g6 26.Qf4 f5 27.Na4 Nf7 28.Nc3 Ne6 29.d5 Nxf4 30.dxc6 Rac8
31.Rh4 Ng2 32.Ra4 Nxg5 33.Rxa7 Nf7 34.Nd5 Rxc6 35.Bg7  1-0

[Event "Dieren op"]
[Site "Dieren"]
[Date "1997.??.??"]
[Round "1"]
[White "Beim, Valery"]
[Black "Berendsen, Richard"]
[Result "1-0"]
[WhiteElo "2535"]
[BlackElo "2215"]

1.c4 c6 2.e4 d5 3.exd5 cxd5 4.cxd5 Nf6 5.Nc3 Nxd5 6.Nf3 e6 7.d4 Be7 8.Bd3 Nc6
9.O-O O-O 10.Re1 Nf6 11.Bg5 Nb4 12.Bb1 b6 13.a3 Nbd5 14.Qd3 g6 15.Bh6 Re8
16.Ne5 Bb7 17.Qh3 Bf8 18.Bg5 Be7 19.Bd3 a6 20.Rac1 Rc8 21.Nxd5 Qxd5 22.Bc4 Qxd4
23.Bxe6 Rxc1 24.Bxf7+ Kh8 25.Rxc1 Qxe5 26.Bxf6+ Bxf6 27.Bxe8 Qxe8 28.Qd3 Qe4
29.Rc8+ Kg7 30.Rc7+ Kh8 31.Qxe4 Bxe4 32.b4 Bb2 33.a4 b5 34.a5 Ba3 35.Ra7 Bxb4
36.Rxa6 Bc3 37.Re6 Bd5 38.Rd6 Be4 39.f3  1-0

[Event "Dieren op"]
[Site "Dieren"]
[Date "1997.??.??"]
[Round "6"]
[White "Vakhidov, Tahir"]
[Black "Hoeksema, Hendrik Pieter"]
[Result "1/2-1/2"]
[WhiteElo "2485"]
[BlackElo "2400"]

1.c4 c6 2.Nf3 d5 3.d4 Nf6 4.Nc3 a6 5.cxd5 cxd5 6.Bf4 Nc6 7.e3 Bg4 8.Be2 Bxf3
9.Bxf3 e6 10.O-O Be7 11.Rc1 Rc8 12.Be2 O-O 13.Bd3 Na5 14.Qe2 Qd7 15.Be5 b5
16.h3  1/2-1/2

[Event "GER-ch U20 qual"]
[Site "Dortmund"]
[Date "1997.??.??"]
[Round "?"]
[White "Biegler, Markus"]
[Black "Schneider, Henning"]
[Result "1/2-1/2"]
[WhiteElo "1970"]
[BlackElo "2220"]

1.c4 c6 2.Nf3 d5 3.cxd5 cxd5 4.g3 Nf6 5.Bg2 Nc6 6.O-O Bg4 7.d4 Bxf3 8.Bxf3 e6
9.Nc3 Be7 10.e3 O-O 11.Bd2 Rc8 12.Qa4 a6 13.Rfc1 Nb8 14.Be2 b5 15.Qd1 Nc6
16.Bf1 Nd7 17.Ne2 Nb6 18.Nf4 Qd7 19.Nd3 Nc4 20.Be1 Qa7 21.a3 Rc7 22.Bb4 Rfc8
23.b3 Nb6 24.Bc5 Bxc5 25.Nxc5 Nd7 26.b4 Nxc5 27.Rxc5 Nb8  1/2-1/2

[Event "RUS-Cup5"]
[Site "Ekaterinburg"]
[Date "1997.??.??"]
[Round "3"]
[White "Ibragimov, Ildar"]
[Black "Supatashvili, Khvicha"]
[Result "1/2-1/2"]
[WhiteElo "2555"]
[BlackElo "2465"]

1.c4 c6 2.e4 d5 3.exd5 cxd5 4.d4 Nf6 5.Nc3 e6 6.Nf3 Bb4 7.Bd3 dxc4 8.Bxc4 O-O
9.O-O b6 10.Bg5 Bb7 11.Rc1 Nc6 12.a3 Be7 13.Qd3 Nd5 14.Bxd5 Bxg5 15.Nxg5 Qxg5
16.Be4 Rfd8 17.Bxh7+ Kf8 18.Be4 Rxd4 19.Qe3 Qxe3 20.fxe3 Rd7 21.Nb5 Rc8 22.Rfd1 Ne5
23.Bxb7  1/2-1/2